| 000 | 01454cam a2200349 a 4500 | ||
|---|---|---|---|
| 001 | EDZ0000104850 | ||
| 003 | StDuBDS | ||
| 005 | 20161031105112.0 | ||
| 006 | m||||||||d|||||||| | ||
| 007 | cr ||||||||||| | ||
| 008 | 121017s2011 enka fo| 001|0|eng|d | ||
| 020 |
_a9781446269626 (ebook) : _cNo price |
||
| 040 |
_aStDuBDS _beng _cStDuBDS _epn |
||
| 049 | _aAlfaisal Main Library | ||
| 050 | 0 |
_aBF636.6 _b.M45 2011 |
|
| 082 | 0 | 4 |
_a158.3 _223 |
| 100 | 1 |
_aMeier, Augustine, _d1933- |
|
| 245 | 1 | 0 |
_aCounselling and therapy techniques _h[electronic resource] : _btheory and practice / _cAugustine Meier and Micheline Boivin. |
| 260 |
_aLondon : _bSAGE, _c2011. |
||
| 300 |
_a1 online resource (vii, 182 p.) : _bill. |
||
| 520 | 8 | _aThis volume looks in detail at the practical interventions and tools used to establish the therapeutic relationship. The text teaches the reader exactly how to use these skills with clients to address their concerns and achieve therapeutic change. | |
| 521 | _aSpecialized. | ||
| 588 | _aDescription based on print version record. | ||
| 504 | _aIncludes bibliographical references and index. | ||
| 650 | 0 | _aCounseling. | |
| 655 | 7 |
_aElectronic books. _2local |
|
| 700 | 1 |
_aBoivin, Micheline, _d1950- |
|
| 710 | 2 | _aSage eBooks | |
| 776 | 0 | 8 |
_iPrint version : _z9781847879585 |
| 856 | 4 | 0 | _uhttp://ezproxy.alfaisal.edu/login?url=http://sk.sagepub.com/books/counselling-and-therapy-techniques |
| 942 |
_2lcc _cEBOOKS |
||
| 999 |
_c479340 _d479340 |
||